Famous Landmarks - Statistics

General Stats
  • This quiz has been taken 63 times
  • The average score is 13 of 20
Answer Stats
Picture Answer % Correct
Eiffel Tower
96%
Taj Mahal
96%
Great Wall of China
94%
Statue of Liberty
94%
Big Ben
93%
Leaning Tower of Pisa
93%
Colosseum
91%
Niagara Falls
91%
The White House
87%
Sydney Opera House
85%
Empire State Building
83%
Mt. Everest
78%
London Eye
76%
Hollywood Sign
70%
Pyramids of Giza
46%
Mt. Rushmore
44%
St. Peter's Basilica
11%
Tokyo Tower
11%
Golden State Bridge
2%
St. Basils's Cathedral
2%
No matching quizzes found
Score Distribution
Percent of People with Each Score
Percentile by Number Answered
Your Score History
You have not taken this quiz